000 00587cab a2200217 4500
001 WB2733-04
008 090401t1991 xxu||||| |||| 00| 0 eng d
035 _a(Sirsi) u64528
041 _aeng
245 _aProperty futures
260 _c1991
350 _a0
490 _aFinancial Times
_v16/8/91 p8
520 _aThe property futures market launched by London Fox three months ago has got off to a slow start.
650 _aBRITISH LAND
650 _aFUTURES MARKET
650 _aLONDON FOX
690 _aPROPERTY-COMMERCIAL PROPERTY
942 _n0
948 _c04/03/1997
999 _c40196
_d40196